Capital : A Critigue of political economy Vol.III (Record no. 11232)
[ view plain ]
| 000 -LEADER | |
|---|---|
| fixed length control field | 00344cam a2200145ua 4500 |
| 041 ## - LANGUAGE CODE | |
| Language code of text/sound track or separate title | eng |
| 082 ## - DEWEY DECIMAL CLASSIFICATION NUMBER | |
| Classification number | 335 .4 |
| Item number | MAR/CA |
| 100 ## - MAIN ENTRY--AUTHOR NAME | |
| Personal name | MarxKarrl, . |
| 245 ## - TITLE STATEMENT | |
| Title | Capital : A Critigue of political economy Vol.III |
| 260 ## - PUBLICATION, DISTRIBUTION, ETC. (IMPRINT) | |
| Place of publication | : |
| Name of publisher | progress publishers , |
| Year of publication | 1966. |
| 300 ## - PHYSICAL DESCRIPTION | |
| Number of Pages | 948 ; . |
| 942 ## - ADDED ENTRY ELEMENTS (KOHA) | |
| Koha item type | Books |
| Withdrawn status | Lost status | Damaged status | Home library | Current library | Date acquired | Full call number | Accession Number | Koha item type |
|---|---|---|---|---|---|---|---|---|
| Withdrawn | KAUAET | Sanskrit University | 07/04/2012 | 335 .4 | 9137 | Books |
